| 000 | 00938nam a22003017a 4500 | ||
|---|---|---|---|
| 003 | CHAP | ||
| 005 | 20220329140659.0 | ||
| 008 | 971013s1976 r 00010 d | ||
| 010 | _a55933 | ||
| 011 | _a56905 | ||
| 035 | _a61058 | ||
| 040 | _cCHAP | ||
| 082 |
_a339.23 _bS2 |
||
| 100 | 0 | 0 |
_aScheifler Amezaga, Xavier. _9102943 |
| 245 |
_aTeoría económico _b: microeconomía; apuntes |
||
| 260 |
_aMéxico : _bTrillas, _c1976 |
||
| 300 | _apág. varía | ||
| 590 |
_aBATCH-UPD _b10 _c20130110 _lUCH01 _h1838 |
||
| 590 |
_aBATCH-UPD _b10 _c20130410 _lUCH01 _h1209 |
||
| 590 |
_aBATCH-UPD _b10 _c20130914 _lUCH01 _h1232 |
||
| 590 |
_aCONVERSION _b10 _c20130109 _lUCH01 _h1330 |
||
| 650 | 1 | 4 |
_aEconomía. _935226 |
| 650 | 1 | 4 |
_aMicroeconomía. _975508 |
| 901 | _aBK | ||
| 942 | _cLIBRO | ||
| 949 |
_a339.23 S2 _bBC _cLIBRO _d33724002019520 _eLIBRO _fc.2 _h14698 _i61058 _si |
||
| 949 |
_a339.23 S2 _bBC _cLIBRO _d33724002019842 _eLIBRO _h44155 _i61058 _si |
||
| 999 |
_c55933 _d55933 |
||